Rzadkości w Brawl Stars - Statystyki

Ogólne statystyki
  • Ten quiz został rozwiązany 28 razy
  • Średni wynik to 5 z 5
Statystyki odpowiedzi
Odpowiedź % Poprawnych
Rzadki
100%
Epicki
88%
Legendarny
88%
Mityczny
88%
Bardzo Rzadki
85%
Nie znaleziono quizów pasujących do podanych kryteriów
Rozkład punktacji
Procent ludzi z każdym wynikiem
Percentyl według liczby udzielonych odpowiedzi
Twoja historia wyników
Nie rozwiązałeś tego quizu